000 00556nam a22001937a 4500
008 151023b xxu||||| |||| 00| 0 eng d
020 _a9780136118893
020 _a0136118895
041 0 _aeng
080 _a658.15
100 1 _aOliver, M. Suzanne.
245 1 0 _aManagerial accounting /
_cM. Suzanne Oliver, Charles T. Horngren.
250 _a1st ed.
260 _aBoston :
_bPrentice Hall,
_c2010.
300 _a1 v. (various pagings) :
_bme il.;
_c29 cm.
650 0 _aKontabilitet menaxherial
700 1 _aHorngren, Charles T.,
942 _2udc
_cBK
999 _c1339
_d1339